Géographie-Europe - Quiz - Statistiques

Statistiques générales
  • Ce quiz a été pris 55 fois
  • Le résultat moyen est 10 sur 20
Statistiques - réponses
Questions Réponse % Correct
Quel est la capitale de la Biélorussie ? Minsk
87%
Quel ville accueil le plus grand port d'Europe ? Rotterdam
87%
Combien de pays sont traversés par les Alpes ? 8
82%
Quel pays européen est doublement enclavés ? Liechtenstein
80%
Quel est le dernier pays européen créé ? Kosovo
78%
Quel fleuve prend sa source en Suisse et se jette dans la mer du Nord ? Le Rhin
67%
Dans quel ville se situe le Parlement européen ? Strasbourg
67%
Quel pays posséde la plus petite frontière avec son voisin ? Vatican
67%
Quel capitale européene se situe le plus au nord ? Reykjavik
62%
Où se trouve la cours pénale Internationale ? La Haye
60%
Dans quel pays peut-on trouver la ville de Rugby ? Royaume-Uni
60%
Quel pays possède le plus grand réseau ferrovière d'Europe ? Allemagne
56%
Quel est la plus grande île appartenant à un pays européen ? Groenland
53%
Parmi les pays européen dont la capitale n'est pas la plus grande ville, lequel se trouve le plus au sud ? Malte
33%
Dans quel pays se situe les chute de Plitvice ? Croatie
31%
A coté de quel ville de 200 000 habitants se situe la "Mer de Plastique " ? Almeria
9%
Quel pays à la plus grand consomation d'alcool ? Moldavie
9%
Où se trouve la plus grande cathédrale gothique d'Europe ? Amiens
7%
Dans quel pays se situe le syphon le plus profond d'Europe ? République Tchéque
2%
Quel est le plus grand lac d'Europe ? (Hors Russie) Vänern
2%
Aucun quiz correspondant
Distribution des résultats
% des personnes avec chaque résultat
Percentile par nombre de réponses
Votre historique - résultats
Vous n’avez pas pris ce quiz